000 00351nam a2200133Ia 4500
003 GCL
008 140319s9999 xx 000 0 ara d
040 _aGCL /
_cGCL
082 0 4 _a133.4
_bا س
245 1 0 _aالسحر: حقيقتة- انواعة- الوقاية منة
260 _a[S.N] :
_bجروس برس ،
_c1991
300 _a154 ص
490 _a
999 _c59144
_d59144